| 000 | 00719nam a2200205 a 4500 | ||
|---|---|---|---|
| 020 | _a0115511156 : | ||
| 082 | 0 | 0 |
_a625.7 _bHOS _cL-38,P-6 |
| 100 | 1 |
_aHosking, Roger. _943582 |
|
| 245 | 1 | 0 |
_aRoad aggregates and skidding / _cby Roger Hosking. |
| 260 |
_aLondon : _bHMSO, _c1992. |
||
| 300 |
_a235 p. : _bill. ; _c26 cm. |
||
| 500 | _aAt head of title: Transport Research Laboratory, Department of Transport. | ||
| 526 |
_a0 _b0 _c0 _d625_700000000000000_HOS |
||
| 650 | 0 |
_aAggregates (Building materials) _921284 |
|
| 650 | 0 |
_aMCE _9379 |
|
| 650 | 0 |
_aPavements _xSkid resistance. _921582 |
|
| 650 | 0 |
_aRoad materials _xTesting. _921230 |
|
| 710 | 2 |
_aTransport Research Laboratory (Great Britain) _943400 |
|
| 942 |
_2ddc _cBK |
||
| 999 |
_c547380 _d547380 |
||